<?xml version="1.0" encoding="UTF-8"?>
<record
    xmlns:xsi="http://www.w3.org/2001/XMLSchema-instance"
    xsi:schemaLocation="http://www.loc.gov/MARC21/slim http://www.loc.gov/standards/marcxml/schema/MARC21slim.xsd"
    xmlns="http://www.loc.gov/MARC21/slim">

  <leader>01282nam a2200229Ia 4500</leader>
  <controlfield tag="003">OSt</controlfield>
  <controlfield tag="005">20251211160851.0</controlfield>
  <controlfield tag="008">210707s1983    xx            000 0 und d</controlfield>
  <datafield tag="040" ind1=" " ind2=" ">
    <subfield code="c">AL</subfield>
  </datafield>
  <datafield tag="041" ind1=" " ind2=" ">
    <subfield code="a">Kannada</subfield>
  </datafield>
  <datafield tag="082" ind1=" " ind2=" ">
    <subfield code="a">K894.3 PUTM</subfield>
  </datafield>
  <datafield tag="100" ind1=" " ind2=" ">
    <subfield code="a">PUTTANNA (M S)</subfield>
    <subfield code="d">&#xC8E;&#xC82;.&#xC8E;&#xCB8;&#xCCD;. &#xCAA;&#xCC1;&#xC9F;&#xCCD;&#xC9F;&#xCA3;&#xCCD;&#xCA3;</subfield>
    <subfield code="9">248885</subfield>
  </datafield>
  <datafield tag="245" ind1=" " ind2=" ">
    <subfield code="a">Madidunno maharaya.</subfield>
    <subfield code="b">&#xCAE;&#xCBE;&#xCA1;&#xCBF;&#xCA6;&#xCCD;&#xCA6;&#xCC1;&#xCA3;&#xCCD;&#xCA3;&#xCCB; &#xCAE;&#xCB9;&#xCBE;&#xCB0;&#xCBE;&#xCAF; </subfield>
  </datafield>
  <datafield tag="260" ind1=" " ind2=" ">
    <subfield code="a">Bengaluru</subfield>
    <subfield code="b">Vishva Kannada Sammelana</subfield>
    <subfield code="c">1983</subfield>
  </datafield>
  <datafield tag="300" ind1=" " ind2=" ">
    <subfield code="a">iv,200 p</subfield>
  </datafield>
  <datafield tag="365" ind1=" " ind2=" ">
    <subfield code="b">2</subfield>
    <subfield code="c">INR</subfield>
  </datafield>
  <datafield tag="520" ind1=" " ind2=" ">
    <subfield code="a">&#xC88; &#xC95;&#xCC3;&#xCA4;&#xCBF;&#xCAF;&#xCC1; &#xCB0;&#xCBE;&#xCAE;&#xCBE;&#xCAF;&#xCA3;&#xCA6; &#xCB9;&#xCBF;&#xCA8;&#xCCD;&#xCA8;&#xCC6;&#xCB2;&#xCC6;&#xCAF;&#xCB2;&#xCCD;&#xCB2;&#xCBF; &#xCAA;&#xCA4;&#xCBF;&#xCB5;&#xCCD;&#xCB0;&#xCA4;&#xCC6;&#xCAF;&#xCA8;&#xCCD;&#xCA8;&#xCC1; &#xCAA;&#xCCD;&#xCB0;&#xCBE;&#xCAE;&#xCBE;&#xCA3;&#xCBF;&#xC95;&#xCA4;&#xCC6;&#xCAF; &#xCB0;&#xCC2;&#xCAA;&#xCB5;&#xCBE;&#xC97;&#xCBF; &#xCA4;&#xCCB;&#xCB0;&#xCBF;&#xCB8;&#xCC1;&#xCA4;&#xCCD;&#xCA4;&#xCA6;&#xCC6;. &#xCA6;&#xCBE;&#xC82;&#xCAA;&#xCA4;&#xCCD;&#xCAF; &#xC9C;&#xCC0;&#xCB5;&#xCA8;&#xCA6;&#xCB2;&#xCCD;&#xCB2;&#xCBF;&#xCA8; &#xCAC;&#xCBF;&#xCB0;&#xCC1;&#xC95;&#xCBF;&#xCA8; &#xCA8;&#xCCB;&#xCB5;&#xCBF;&#xCA8;&#xCBF;&#xC82;&#xCA6; &#xCB9;&#xCCA;&#xCB0;&#xCAC;&#xCB0;&#xCB2;&#xCC1;, &#xC95;&#xCB0;&#xCCD;&#xCAE;&#xCA6; &#xCAA;&#xCBE;&#xCAA;&#xCA6; &#xC85;&#xCB0;&#xCBF;&#xCB5;&#xCA8;&#xCCD;&#xCA8;&#xCC1; &#xCAE;&#xCC2;&#xCA1;&#xCBF;&#xCB8;&#xCBF;, &#xCB6;&#xCC1;&#xCA6;&#xCCD;&#xCA7; &#xC9C;&#xCC0;&#xCB5;&#xCA8;&#xCB5;&#xCA8;&#xCCD;&#xCA8;&#xCC1; &#xCA8;&#xCA1;&#xCC6;&#xCB8;&#xCC1;&#xCB5;&#xC82;&#xCA4;&#xCC6; &#xCAA;&#xCCD;&#xCB0;&#xCC7;&#xCB0;&#xCC7;&#xCAA;&#xCBF;&#xCB8;&#xCC1;&#xCA4;&#xCCD;&#xCA4;&#xCA6;&#xCC6;. </subfield>
  </datafield>
  <datafield tag="563" ind1=" " ind2=" ">
    <subfield code="a">PB</subfield>
  </datafield>
  <datafield tag="650" ind1=" " ind2=" ">
    <subfield code="a">Kannada Fiction</subfield>
    <subfield code="9">248886</subfield>
  </datafield>
  <datafield tag="650" ind1=" " ind2=" ">
    <subfield code="a">&#xC95;&#xCB0;&#xCCD;&#xCAE; &#xCB8;&#xCBF;&#xCA6;&#xCCD;&#xCA7;&#xCBE;&#xC82;&#xCA4;, &#xCAA;&#xCA4;&#xCBF;&#xCB5;&#xCCD;&#xCB0;&#xCA4;&#xCC6; &#xCAE;&#xCA4;&#xCCD;&#xCA4;&#xCC1; &#xCAA;&#xCCD;&#xCB0;&#xCBE;&#xCAE;&#xCBE;&#xCA3;&#xCBF;&#xC95;&#xCA4;&#xCC6;</subfield>
    <subfield code="9">248887</subfield>
  </datafield>
  <datafield tag="942" ind1=" " ind2=" ">
    <subfield code="2">ddc</subfield>
    <subfield code="c">BK</subfield>
  </datafield>
  <datafield tag="999" ind1=" " ind2=" ">
    <subfield code="c">180149</subfield>
    <subfield code="d">180149</subfield>
  </datafield>
  <datafield tag="952" ind1=" " ind2=" ">
    <subfield code="0">0</subfield>
    <subfield code="1">0</subfield>
    <subfield code="2">ddc</subfield>
    <subfield code="4">0</subfield>
    <subfield code="7">0</subfield>
    <subfield code="8">KAN</subfield>
    <subfield code="a">AL</subfield>
    <subfield code="b">AL</subfield>
    <subfield code="d">2002-06-10</subfield>
    <subfield code="g">2.00</subfield>
    <subfield code="l">0</subfield>
    <subfield code="o">K894.3 PUTM</subfield>
    <subfield code="p">BB04051</subfield>
    <subfield code="r">2021-07-08 00:00:00</subfield>
    <subfield code="w">2021-07-08</subfield>
    <subfield code="y">BB</subfield>
  </datafield>
</record>
